Les demarches marketing des entreprises à l`offre sur le marché industriel slovaque
Trvalý vzťah ako nevyhnutná stratégia dodávateľského podniku na priemyselnom trhu. Vytvorenie trvalej hodnoty pre klienta. Výsledky prieskumu uskutočneného v r. 2009 medzi slovenskými podnikmi na tému - Nové prístupy k riadeniu ponuky priemyselných podnikov.
Salvato in:
| Autore principale: | |
|---|---|
| Altri autori: | |
| Natura: | Capitolo di libro |
| Lingua: | francese |
| Soggetti: | |
| Tags: |
Nessun Tag, puoi essere il primo ad aggiungerne!!
|
MARC
| LEADER | 00000naa$a2200000$$$4500 | ||
|---|---|---|---|
| 001 | 0111925 | ||
| 005 | 20240530084050.5 | ||
| 041 | 0 | |a fre | |
| 044 | |a DZ | ||
| 245 | 1 | 0 | |a Les demarches marketing des entreprises à l`offre sur le marché industriel slovaque |c Jaroslav Kita, Pavol Konštiak |
| 520 | |a Trvalý vzťah ako nevyhnutná stratégia dodávateľského podniku na priemyselnom trhu. Vytvorenie trvalej hodnoty pre klienta. Výsledky prieskumu uskutočneného v r. 2009 medzi slovenskými podnikmi na tému - Nové prístupy k riadeniu ponuky priemyselných podnikov. | ||
| 610 | 2 | 0 | |a marketing |
| 610 | 2 | 0 | |a podnik priemyselný |
| 610 | 2 | 0 | |a dodávatelia |
| 610 | 2 | 0 | |a ponuka |
| 610 | 2 | 0 | |a hodnota |
| 610 | 2 | 0 | |a klienti |
| 610 | 2 | 0 | |a prieskum informačný |
| 610 | 2 | 0 | |a Slovensko |
| 100 | 1 | |a Kita, Jaroslav | |
| 700 | 1 | |a Konštiak, Pavol | |